Short Lived TV Shows Quiz Stats

Quiz Updated Jun 8, 2012

Challenge
Share
Tweet
Embed
Score 0/28 Timer 05:00
3 Plays Today
% Correct
Commander in Chief
81.6%
The Playboy Club
81.5%
Kitchen Confidential
79.8%
FlashForward
78.4%
Freaks and Geeks
75.9%
Kath & Kim
75.1%
My So-Called Life
73%
The Book of Daniel
70.8%
Studio 60 on the Sunset Strip
66.7%
The Tick
65.3%
Heist
61.6%
Firefly
59.7%
Jake 2.0
58.5%
The Black Donnellys
58.3%
% Correct
Undercovers
55.2%
Aliens in America
54.5%
Easy Money
53.1%
The Cape
45.9%
Swingtown
39.9%
Life on Mars
39.8%
Lone Star
37.4%
K-Ville
32.4%
Cane
31.3%
Life As We Know It
28.3%
Keen Eddie
24.3%
New Amsterdam
21.2%
Fastlane
18.7%
Quarterlife
14.1%

You're not logged in!

Compare scores with friends on all Sporcle quizzes.
Sign Up with Email
OR
Log In

You Might Also Like...

Show Comments

Extras

Top Quizzes Today


Score Distribution

Your Account Isn't Verified!

In order to create a playlist on Sporcle, you need to verify the email address you used during registration. Go to your Sporcle Settings to finish the process.